Normal view
MARC view
- Your Child With A Deformity
Entry Topical Term
001 - CONTROL NUMBER
- control field: 100430
003 - CONTROL NUMBER IDENTIFIER
- control field: NUST
005 - DATE AND TIME OF LATEST TRANSACTION
- control field: 20221017121108.0
008 - FIXED-LENGTH DATA ELEMENTS
- fixed length control field: 221017|| aca||aabn | a|a d
040 ## - CATALOGING SOURCE
- Original cataloging agency: NUST
- Transcribing agency: NUST
150 ## - HEADING--TOPICAL TERM
- Topical term or geographic name entry element: Your Child With A Deformity
670 ## - SOURCE DATA FOUND
- Source citation: Work cat.: (NUST)183194: Hashmi, M.A. 100429, Your child with a deformity :, 2000
